000 00795nam a2200253Ia 4500
008 191130s1994##################000#0#eng##
020 _a9780805814569
022 _a93005714
040 _aACL
_cACL
082 _a153 SCH
245 _aBeliefs, reasoning, and decision making : psycho-logic in honor of Bob Abelson
_cedited by Roger C. Schank, Ellen Langer
260 _aHillsdale, NJ
_bL. Erlbaum
_c1994
300 _aix, 426 p. : ill. ; 24 cm.
500 _aIncludes bibliographical references and indexes
650 _aCognition
650 _aDecision making
650 _aReasoning (Psychology)
700 _aAbelson, Robert P
700 _aLanger, Ellen J
700 _aSchank, Roger C
990 _aa5b10ff3ac10000c1dd6d0311781d47d
991 _a217802
999 _c113820
_d113820